000 02322cam a22004814i 4500
003 PE-LiUPU
005 20250731173412.0
008 150706s r 000 0 d
020 _a9789588217567
035 _a(Sirsi) i9789588217567
040 _aPE-LiUPU
_bspa
_cPE-LiUPU
_erda
049 _aPRUA
082 0 4 _a248
_bS58
_221
100 1 _aSjogren, Bob,
_eautor.
245 1 0 _aTeología de perros [y] gatos :
_breplanteando nuestra relación con Dios viviendo para darle la máxima gloria /
_cBob Sjogren y Geral Robison.
264 1 _aBogotá :
_bCLC editorial,
_c2008.
300 _a202 páginas ;
_c17 cm.
336 _atext
_2rdacontent
337 _aunmediated
_2rdamedia
338 _avolume
_2rdacarrier
505 0 _aIntroducción Teología de Perros -- Teología de Perros y Gatos -- Diferencias Fundamentales entre Perros y Gatos -- No incorrecta sólo incompleta -- La Verdadera Gloria de Dios -- Las Bendiciones toman el Lugar de su gloria -- Síntomas de la Teología del Gato -- Suponer que la Vida debe ser Justa -- Teología del Círculo de Ganadores -- El Evangelio del Círculo de Ganadores -- Prioridades de Gatos y Perros -- Oraciones de Gatos y Perros -- Los Gatos Abrazan el Humanismo Cristiano -- . Robar la Gloria de Dios en los Momentos Difíciles -- . Qué impide que los Gatos Crezcan -- Eternidad, Menos 70 -- Es todo sobre Usted -- - La Adoración es Vida -- La Máxima Gloria de Dios .
526 _aSEG42
526 _aSEG41
526 _aSEG40
526 _aSEG39
526 _aP94
526 _aP87
526 _aP86
526 _aP85
526 _aP77
526 _aP76
526 _aP35
541 _g001-0000554;
650 0 4 _aVida espiritual
_xCristianismo.
650 0 4 _aVida cristiana.
650 0 4 _aGloria de Dios.
910 _agl
_bjv
_cng
_d20111128
942 _2ddc
_cBOOK
949 _a248 S58
_wDEWEY
_c1
_i64073
_lCCODEBUL1
_mBUL
_p7.00
_r0
_sY
_tBOOK
_u2015-7-6
_xTEOLOGIA
_PP35
_o.STAFF. Colección General
994 _aC0
_bPEPRU
596 _a1
999 _a248 S58
_wDEWEY
_c52915
_i64073
_d52915
_f2021-11-10
_g5
_lCCODEBUL1
_mBUL
_p7.00
_q1
_r0
_sY
_tBOOK
_u2015-7-6
_xTEOLOGIA
_PP35
_0COMPRA
_o.STAFF. Colección General
980 _81
_gALBERTO SANCHEZ Responsable de Automatización